Quel club de football français joue dans ce stade ? #2 - Statistiques

Statistiques générales
  • Ce quiz a été pris 129 fois
  • Le résultat moyen est 12 sur 25
Statistiques - réponses
Hint Réponse % Correct
Paris-Saint-Germain Parc des Princes
93%
Stade Rennais Roazhon Park
93%
RC Lens Stade Bollaert-Dellels
87%
En Avant Guingamp Stade du Roudourou
78%
AJ Auxerre Stade de l'Abbé-Deschamps
74%
Angers SCO Stade Raymond-Kopa
74%
Le Havre Stade Océane
70%
Grenoble Stade des Alpes
58%
Red Star FC Stade Bauer
55%
FC Sochaux Stade Auguste-Bonal
53%
SM Caen Stade Michel-d'Ornano
52%
Clermont Stade Gabriel-Montpied
46%
AC Ajaccio Stade Michel-Moretti
45%
Valenciennes Stade du Hainaut
43%
FC Annecy Parc des Sports
41%
Stade Lavallois Stade Francis-Le Basser
39%
Pau FC Nouste-Camp
31%
Nîmes Olympique Stade des Antonins
26%
CS Sedan Stade Louis-Dugauguez
26%
LB Châteauroux Stade Gaston-Petit
24%
US Créteil Stade Dominique-Duvauchelle
22%
USL Dunkerque Stade Marcel-Tribut
21%
AS Cannes Stade Pierre de Coubertin
20%
Chamois Niortais Stade René-Gaillard
19%
Toulon Stade de Bon-Rencontre
14%
Aucun quiz correspondant
Distribution des résultats
% des personnes avec chaque résultat
Percentile par nombre de réponses
Votre historique - résultats
Vous n’avez pas pris ce quiz